Visualizzazione normale
Vista MARC
- Bixio Cesare Andrea
di Personal Name
Records bibliografici associati: 1
001 - CONTROL NUMBER
- control field: 11198
003 - CONTROL NUMBER IDENTIFIER
- control field: IT-RoPau
005 - DATE AND TIME OF LATEST TRANSACTION
- control field: 20140128152923.0
008 - FIXED-LENGTH DATA ELEMENTS
- fixed length control field: 140128|| aca||aabn | a|a d
040 ## - CATALOGING SOURCE
- Original cataloging agency: IT-RoPau
- Transcribing agency: IT-RoPau
100 ## - HEADING--PERSONAL NAME
- Personal name: Bixio Cesare Andrea
- Miscellaneous information: Codice autore musica SPICS: 13441
- Name of part/section of a work: Mamma - La canzone dell'amore (Solo per te Lucia) - Ninna nanna della vita - Se vuoi goder la vita - Dimmi tu primavera
- Relator term: Autore musica
670 ## - SOURCE DATA FOUND
- Source citation: Work cat.: (IT-RoPau)102305: AA.VV. 794, Non ti scordar di me